000 00260nam a22000977a 4500
999 _c515744
_d515744
082 _aTNC BA27x5413 T326
100 _aThakur, R. N.
_921550
245 _aSocial matrix of a tribal village
_cby R. N. Thakur
260 _aNew Delhi
_bArchives
_c1989
300 _a135p.